| 000 | 00641nam a2200169Ia 4500 | ||
|---|---|---|---|
| 008 | 230917s9999||||xx |||||||||||||| ||und|| | ||
| 020 | _cRS400 | ||
| 040 |
_e231190 _aMAIN |
||
| 041 | _aEnglish | ||
| 082 | _a891.43172108 SR92:BS | ||
| 100 | _aप्रधान, अवधेश, सम्पा. | ||
| 245 | 0 | _aकविता का शुक्ल ये कविताएँ आचार्य शुक्ल ने उद्दत की | |
| 260 |
_aनई दिल्ली _bराजकमल प्रकाशन _c2001 |
||
| 300 | _a355 पृ. p. | ||
| 500 | _a2262 01/02/2016 KB15/299 17/02/2016 Hindi UGC | ||
| 942 | _cBK | ||
| 999 |
_c17715 _d17715 |
||